MTA Bus Quiz (conventional fleet) - Statistics

General Stats
  • This quiz has been taken 6 times
  • The average score is 11 of 28
Answer Stats
Picture Hint Answer % Correct
8000-8089 2011 NovaBus LFS
100%
1200-1289 2009-2010 NovaBus LFSA
67%
4710-4799 2012-2013 NFI XD60
67%
3960-4702 2009-2010 Orion VII NG HEV
33%
4810-4899 2011-2012 NFI XD40
33%
185-672 2011-2013 NFI C40LF
33%
5252-5363, 5700-5986 2011-2013 NovaBus LFSA
33%
7000-7089 2011 Orion VII NG 3G EPA10
33%
7090-7483 2014-2015 NFI XD40
33%
5364-5438 2015-2016 NFI XD60
33%
8090-8503 2015-2016 NovaBus LFS
33%
5987-6125 2016-2017 NFI XD60
33%
673-810 2016-2017 NFI XN40
33%
5439-5530 (Were made without the vianova screens) 2016-2018 NovaBus LFSA
33%
1000-1109 2017-2018 NFI XN60
33%
7484-7850 2017-2019 NFI XD40
33%
8504-8754 2018-2019 NovaBus LFS
33%
5531-5602 (Were installed with the new vianova upgrades) 2018-2019 NovaBus LFSA
33%
9416-9620 2018, 2020-2021 NFI XDE40
33%
6126-6286 2019-2020 NFI XD60
33%
4950-4964 2019 NFI XE60
33%
9620-9910 2020-2021 NovaBus LFS HEV
33%
8755-9272 2020-2024 NovaBus LFS Smartbus "Conehead"
33%
7851-7989 2021-2022 NFI XD40
33%
4965-5024 2023-2024 NFI XE40
33%
9273-9387 2024 NFI XD40
33%
5025-5029 2024 NovaBus LFSe+
33%
6287-6510 2025-2027 NFI XD60
33%
No matching quizzes found
Score Distribution
Percent of People with Each Score
Percentile by Number Answered
Your Score History
You have not taken this quiz